| 000 | 00571nam a22002051 4500 | ||
|---|---|---|---|
| 001 | sa 68000966 | ||
| 003 | DLC | ||
| 005 | 20260227112428.0 | ||
| 008 | 710903s1967 ii 00010beng | ||
| 010 | _asa 68000966 | ||
| 025 | _aPL480:I-E-9174 | ||
| 050 | 0 |
_aDS481.N35 _bR38 |
|
| 082 | _a954.04/0924 | ||
| 100 | 1 | 0 | _aRavoof, A. A. |
| 245 | 1 | 0 |
_aNehru, the man _c[by] A. A. Ravoof. |
| 260 | 0 |
_aBombay, _bPearl Publications; [sole distributors: India Book House, _c1967] |
|
| 300 |
_avii, 154 p. _c19 cm. |
||
| 350 | _aRs3 | ||
| 600 | 1 | 0 |
_aNehru, Jawaharlal, _d1889-1964. |
| 999 |
_c77589 _d77589 |
||